000 00463nam a2200181Ia 4500
008 240925s9999 xx 000 0 und d
020 _a205139825
082 _a340.115 TUR
100 _aTurkel ,Gerald
245 0 _aLaw and Society: critical approach
250 _aNA
260 _aBoston:
_bAllyn and Bacon
_c,1995.
300 _avi,245p.
_bNA
_fOriginal
500 _aIncludes Index
600 _aSocial Sciences
650 _aSocial Sciences
942 _cBK
999 _c5395
_d5395